Vývoj vzťahov Maďarska k EÚ

Faktory, ktoré vplývali na vývoj vzťahov Maďarska k EÚ za posledných tridsať rokov. Vzájomné pôsobenie vnútropolitických zmien, medzinárodných politických a hospodárskych pomerov, ako aj dynamiky európskej integrácie na utváranie vzťahov medzi obomi aktérmi.

Gespeichert in:
Bibliographische Detailangaben
1. Verfasser: Kurucz, Milan, 1954-
Format: Buchkapitel
Sprache:Slowakisch
Schlagworte:
Tags: Tag hinzufügen
Keine Tags, Fügen Sie das erste Tag hinzu!

MARC

LEADER 00000naa$a2200000$$$4500
001 0249550
005 20240502074006.8
041 0 |a slo 
044 |a SK 
245 1 0 |a Vývoj vzťahov Maďarska k EÚ  |c Milan Kurucz 
520 |a Faktory, ktoré vplývali na vývoj vzťahov Maďarska k EÚ za posledných tridsať rokov. Vzájomné pôsobenie vnútropolitických zmien, medzinárodných politických a hospodárskych pomerov, ako aj dynamiky európskej integrácie na utváranie vzťahov medzi obomi aktérmi. 
610 2 0 |a Maďarsko 
610 2 0 |a Európska únia 
610 2 0 |a integrácia 
610 2 0 |a politika medzinárodná 
610 2 0 |a vzťahy medzinárodné 
610 2 0 |a vývoj 
100 1 |a Kurucz, Milan, 1954-